| 000 | 00654nam a22001937a 4500 | ||
|---|---|---|---|
| 005 | 20210325174655.0 | ||
| 008 | s2535 th tha d | ||
| 020 | _a9742209219 | ||
| 041 | _atha | ||
| 050 | _aE184.A45 บ593ป 2535 | ||
| 100 | 0 | _aบุญเสริม ฤทธาภิรมย์ | |
| 245 | 1 | 0 | _aเปิดโลกอามิช...ชีวิตย้อนยุค |
| 260 | 3 |
_aกรุงเทพฯ : _bบรรณกิจ, _c2535 |
|
| 300 |
_a240 หน้า : _b ภาพประกอบ ; _c 21 ซม. |
||
| 650 | 0 | 4 | _aชาวอามิช |
| 850 | _aNALT | ||
| 942 | _cGB | ||
| 997 | _c000000000004664 | ||
| 999 |
_c4664 _d4664 |
||